| 000 | 00511 a2200169 4500 | ||
|---|---|---|---|
| 005 | 20250612071646.0 | ||
| 020 | _a0-07-252650-5 | ||
| 082 | _aLECT 658.8 ETZ | ||
| 100 | _aETZEL, M. J. | ||
| 245 | _aMarketing. | ||
| 250 | _a13rd Ed. | ||
| 260 |
_aNew York, _bMcGraw-Hill, _c2004. |
||
| 300 |
_axxi, 650p.: ill.; figure, picture, table _bGlossary, index & reference _c27cm. |
||
| 700 | _aWALKER, B. J. & STANTON, W. J. | ||
| 856 |
_yAccess Online Book _fMarketing _dhttp://www.mhhe.com/etzel04 |
||
| 942 |
_2ddc _cBKS |
||
| 999 |
_c3810 _d3810 |
||